| 000 | 00358 a2200145 4500 | ||
|---|---|---|---|
| 020 | _a9788466700955 | ||
| 020 | _a8466700951 | ||
| 041 | _aspa | ||
| 100 | 1 | 0 | _aGomez ojea, Carmen |
| 245 | 1 | 0 | _aCleopatra en un cuaderno / Carmen Gomez Ojea |
| 260 | _a[Madrid] : Anaya, 2001. | ||
| 300 |
_a85 pages ; _c23 cm. |
||
| 440 | _aEspacio abierto, 89. | ||
| 942 | _cBK | ||
| 999 |
_c7964 _d7964 |
||